[Event "Tch-AUT 2000-01"]
[Site "Fuerstenfeld AUT"]
[Date "2001.03.17"]
[Round "10"]
[White "Atlas,V"]
[Black "Stanec,N"]
[Result "0-1"]
[WhiteElo "2472"]
[BlackElo "2513"]

1.e4 c5 2.Nf3 Nc6 3.Nc3 g6 4.d4 cxd4 5.Nxd4 Bg7 6.Nde2 d6 7.g3 Bg4 8.Bg2 Nf6
9.h3 Bxe2 10.Qxe2 Rc8 11.O-O Nd7 12.Be3 O-O 13.Rad1 Nce5 14.Rd4 Nb6 15.Nd5 Nec4
16.Nxb6 Nxe3 17.Nxc8 Nxf1 18.Rc4 Nxg3 19.fxg3 b5 20.Rc6 Qd7 21.Qxb5 Rxc8
22.Rxc8+ Qxc8 23.c3 Be5 24.g4 e6 25.a4 Qd8 26.a5 Qg5 27.Qe2 Qc1+ 28.Bf1 Bf4
29.Kg2 Bd2 30.Qb5 Kg7 31.a6 Qb1 32.Kf3 Qc2 33.Qd3 Qxb2 34.Qd4+ e5 35.Qxd6 Qxc3+
36.Qd3 Qc1 37.Kg2 Bc3 38.Qf3 Bd4 39.Qd3 Bb6 40.Kf3 Qf4+ 41.Ke2 Qf2+ 42.Kd1 Qb2
43.Be2 Qa1+ 44.Kc2 Qe1 45.Qf3 Qb4 46.Qd3 Bd4 47.Qb3 Qc5+ 48.Bc4 Qc6 49.Qd3 Qb6
50.Bb3 Qf6 51.Bc4 Qf4 52.Kd1 Kf6 53.Qf1 Bf2 54.Qd3 Kg5 55.Ke2 Qh2 56.Bxf7 Bd4+
57.Kd1 Kh4 58.Bg8 h6 59.Be6 Qg1+ 60.Kc2 Be3 61.Kb3 Bg5 62.Bd7 Qb6+ 63.Kc2 Be3
64.Kd1 Bf4 65.Kc2 Qc5+ 66.Kb3 Be3 67.Qd1 Qb6+ 68.Kc2 Qb4 69.Qd3 Bd4 70.Kd1 Qe7
71.Bb5 Qf7 72.Bc4 Qf4 73.Be6 Be3 74.Bd7 Qf3+ 75.Kc2 Qxh3 76.Kb3 Qg3 77.Kc4 Bd4
78.Qxg3+ Kxg3 79.Be8 Kxg4 80.Bxg6 h5 81.Kd3 h4 82.Ke2 h3 83.Kf1 Kg3  0-1

[Event "Tch-AUT 2000-01"]
[Site "Fuerstenfeld AUT"]
[Date "2001.03.18"]
[Round "11"]
[White "Winiwarter,F"]
[Black "Weissenbeck,M"]
[Result "1/2-1/2"]
[WhiteElo "2155"]
[BlackElo "2240"]

1.e4 c5 2.Nf3 Nc6 3.Nc3 d6 4.d4 cxd4 5.Nxd4 e5 6.Nb3 Nf6 7.Be2 Be7 8.O-O O-O
9.Be3 Be6 10.f4 exf4 11.Bxf4 d5 12.exd5 Nxd5 13.Nxd5 Qxd5 14.Bf3 Qc4 15.Be2 Qd5
16.Bf3 Qc4 17.Be2 Qd5  1/2-1/2

[Event "Ivan Zanic Mem"]
[Site "Stara Pazova YUG"]
[Date "2001.03.18"]
[Round "10"]
[White "Radulski,J"]
[Black "Popchev,M"]
[Result "1-0"]
[WhiteElo "2432"]
[BlackElo "2482"]

1.e4 c5 2.Nc3 Nc6 3.Nf3 e5 4.Bc4 Be7 5.O-O d6 6.h3 Nf6 7.d3 O-O 8.a4 a6 9.Bg5 Rb8
10.Bxf6 Bxf6 11.Nd5 Be6 12.Ne3 Qd7 13.c3 Ne7 14.a5 d5 15.Ba2 Rfd8 16.exd5 Nxd5
17.Nc4 Nf4 18.Ncxe5 Bxe5 19.Nxe5 Qd6 20.Bxe6 Qxe6 21.Re1 Qd5 22.Qg4 Nxd3
23.Nxd3 Qxd3 24.Re7 Re8 25.Qf4 Rf8 26.Rae1 Qd8 27.Rc7 Rc8 28.Rxb7 Qxa5 29.Ree7 Qa2
30.Qf5 g6 31.Qe5 Qb1+ 32.Kh2 Rcd8 33.Qxc5 Rd1 34.Qc4 Qf5 35.Qg4 Qb1 36.Qf3 Rh1+
37.Kg3 Qc1 38.Qd5 g5 39.Rxf7 Rxh3+ 40.gxh3 Qg1+ 41.Qg2  1-0

[Event "Ivan Zanic Mem"]
[Site "Stara Pazova YUG"]
[Date "2001.03.18"]
[Round "10"]
[White "Sedlak,N"]
[Black "Pap,M"]
[Result "1/2-1/2"]
[WhiteElo "2460"]
[BlackElo "2405"]

1.e4 c5 2.Nf3 Nc6 3.Nc3 e5 4.Bc4 Be7 5.d3 Nf6 6.Nd2 O-O 7.Nf1 d6 8.Ne3 a6
9.a3 b5 10.Ba2 Rb8 11.O-O a5 12.Ncd5 Nxd5 13.Bxd5 Bd7 14.f4 exf4 15.Nf5 Bxf5
16.exf5 Qd7 17.Bxf4 Bf6 18.c3 Ne7 19.Bf3 Rbd8 20.g4 h6 21.Qe1 Rfe8 22.Qf2 Rc8
23.h4 Nc6 24.Bd5 Ne7 25.Bg2 Be5 26.Be3 d5 27.Bxc5 Qc7 28.Bb6 Qd6 29.Bxa5 Nc6
30.Bb6 Bg3 31.Qf3 Bh2+ 32.Kh1 Ne5 33.Qh3 Qxb6 34.Kxh2 d4 35.Rac1 Qd6 36.Kh1 dxc3
37.Rxc3 Rxc3 38.bxc3 Nxd3 39.g5 Rc8 40.Qe3 Rc4 41.Qe8+ Qf8 42.Qxf8+ Kxf8
43.gxh6  1/2-1/2

[Event "Open"]
[Site "Bad Woerishofen GER"]
[Date "2001.03.20"]
[Round "6"]
[White "Senff,M"]
[Black "Santl,A"]
[Result "1-0"]
[WhiteElo "2443"]
[BlackElo "2206"]

1.e4 c5 2.Nc3 Nc6 3.Nge2 g6 4.d4 cxd4 5.Nxd4 Bg7 6.Be3 Nf6 7.Bc4 O-O 8.Bb3 d6
9.f3 Nxd4 10.Bxd4 Be6 11.Qd2 Bxb3 12.axb3 a6 13.h4 h5 14.O-O-O Qa5 15.Kb1 Kh8
16.g4 Rac8 17.Qe3 Qd8 18.gxh5 gxh5 19.Rhg1 e6 20.Rxg7  1-0

[Event "TCh-ROM"]
[Site "Sovata ROM"]
[Date "2001.03.21"]
[Round "1"]
[White "Popescu,DD"]
[Black "Raceanu,V"]
[Result "1/2-1/2"]
[WhiteElo "2356"]
[BlackElo "2379"]

1.e4 c5 2.Nf3 Nc6 3.Nc3 d6 4.d4 cxd4 5.Nxd4 Nf6 6.g3 g6 7.Nde2 Bg7 8.Bg2 O-O
9.O-O Rb8 10.a4 a6 11.h3 b5 12.axb5 axb5 13.Nd5 Nd7 14.c3 e6 15.Ne3 Nc5 16.Nd4 Nxd4
17.cxd4 Na4 18.Qd3 Qb6 19.Nc2 Ba6 20.Rd1 Rfc8 21.Qb3 Rxc2 22.Qxc2 Bxd4 23.Qd2 e5
24.Kh2 Nc5 25.Qh6  1/2-1/2

[Event "TCh-ROM"]
[Site "Sovata ROM"]
[Date "2001.03.22"]
[Round "2"]
[White "Sebe,F"]
[Black "Lupulescu,C"]
[Result "1-0"]
[WhiteElo "2297"]
[BlackElo "2348"]

1.e4 c5 2.Nc3 Nc6 3.Nf3 d6 4.d4 cxd4 5.Nxd4 Nf6 6.Be2 g6 7.Be3 Bg7 8.Qd2 O-O
9.O-O-O Bd7 10.f4 Rc8 11.Nxc6 Bxc6 12.Bf3 Nd7 13.Bd4 e5 14.fxe5 Nxe5 15.Be2 b5
16.Kb1 b4 17.Nd5 Bxd5 18.exd5 Qa5 19.Bxe5 Bxe5 20.h4 Rc5 21.h5 Rfc8 22.hxg6 Rxc2
23.gxf7+ Kf8 24.Qh6+ Ke7 25.f8=Q+ Rxf8 26.Qxh7+  1-0

[Event "TCh-ROM"]
[Site "Sovata ROM"]
[Date "2001.03.24"]
[Round "4"]
[White "Sofronie,I"]
[Black "Cosma,I"]
[Result "1/2-1/2"]
[WhiteElo "2399"]
[BlackElo "2468"]

1.e4 c5 2.Nf3 Nc6 3.Nc3 d6 4.g3 g6 5.Bg2 Bg7 6.O-O e5 7.d3 Nge7 8.Bg5 h6
9.Be3 O-O 10.Qd2 Kh7 11.Ne1  1/2-1/2

[Event "Open"]
[Site "Bled SLO"]
[Date "2001.03.25"]
[Round "2"]
[White "Semrl,M"]
[Black "Jovanic,O"]
[Result "0-1"]
[WhiteElo "2175"]
[BlackElo "2361"]

1.e4 c5 2.Nc3 Nc6 3.Bb5 Nd4 4.Bc4 e6 5.Nf3 Ne7 6.O-O Nec6 7.Nxd4 Nxd4 8.d3 g6
9.Ne2 Bg7 10.Nxd4 cxd4 11.f4 O-O 12.Bd2 d6 13.Qf3 Bd7 14.f5 b5 15.Bb3 exf5
16.exf5 Bxf5 17.Bf4 Qd7 18.Qg3 Rad8 19.Rae1 Be6 20.Re2 Rfe8 21.Rfe1 Bxb3
22.axb3 Re6 23.h3 Bf6 24.Qf3 Rxe2 25.Rxe2 Qf5 26.Qg3 Qh5 27.Qe1 Kg7 28.Qd2 Be5
29.Rf2 Re8 30.Kh2 Re6 31.Qc1 Rf6 32.Qf1 Rxf4 33.Rxf4 g5 34.g4 Qg6  0-1

[Event "54th ch-YUG Women"]
[Site "Herceg Novi YUG"]
[Date "2001.03.26"]
[Round "4"]
[White "Saric,N"]
[Black "Chelushkina,I"]
[Result "1/2-1/2"]
[WhiteElo "2097"]
[BlackElo "2385"]

1.e4 c5 2.Ne2 Nc6 3.Nbc3 d6 4.h3 Rb8 5.d4 cxd4 6.Nxd4 e5 7.Nb3 Be6 8.Be2 Nf6
9.O-O Be7 10.f4 O-O 11.Be3 exf4 12.Bxf4 b5 13.Bd3 Ne5 14.Nd5 Nfd7 15.Nxe7+ Qxe7
16.Nd4 Rfc8 17.Bxb5 Nc5 18.Bxe5 dxe5 19.Nxe6 Nxe6 20.Ba4 Nf4 21.Bb3 Rc6 22.Kh2 Rd8
23.Qf3 Rf6 24.Rad1 Rf8 25.Qe3 Rg6 26.g3 Nh5 27.Rf3 Nf6 28.Qd3 Qb7 29.Re3 Rh6
30.Kg2 Qc8 31.g4 Rg6 32.Rg3 h5 33.a4 h4 34.Rf3 Nxg4 35.hxg4 Qxg4+ 36.Kf2 Qg2+
37.Ke3 h3 38.Qf1 Qg5+ 39.Ke2 Qg4 40.Qxh3 Qxe4+ 41.Kd2 Rd8+ 42.Kc1 Rxd1+ 43.Kxd1 Rg1+
44.Rf1 Qd4+ 45.Ke1 Qb4+ 46.Ke2 Qe4+ 47.Kd1 Qd4+ 48.Ke1 Qb4+ 49.Ke2  1/2-1/2

[Event "Open"]
[Site "Bled SLO"]
[Date "2001.03.27"]
[Round "4"]
[White "Rogulj,B"]
[Black "Breder,D"]
[Result "1/2-1/2"]
[WhiteElo "2437"]
[BlackElo "2383"]

1.e4 c5 2.Nc3 Nc6 3.Bb5 g6 4.Nf3 Bg7 5.Bxc6 bxc6 6.O-O e5 7.d3 Ne7 8.Nd2 d6
9.Nc4 O-O 10.f4 exf4 11.Bxf4 d5 12.Nd6 c4 13.Kh1 cxd3 14.cxd3 f5 15.e5 h6
16.d4 g5 17.Bc1 f4 18.Na4 Nf5 19.Nxf5 Bxf5 20.b3 Rf7 21.Ba3 Be4 22.Rc1 f3
23.Kg1 fxg2 24.Rxf7 Kxf7 25.Rxc6 Rc8 26.e6+ Kg8 27.e7 Qd7 28.Rxc8+ Qxc8 29.Nc5 Bg6
30.Kxg2 Bf6 31.Qe2 Bxd4 32.Qe6+ Qxe6 33.Nxe6 Bb6 34.h4 gxh4 35.Kh3 Kf7 36.Nf4 Bf5+
37.Kxh4 d4 38.Kg3 Bc7 39.Kf3 Bxf4 40.Kxf4 Bb1 41.Bc5 Bxa2  1/2-1/2

[Event "Open"]
[Site "Bled SLO"]
[Date "2001.03.27"]
[Round "4"]
[White "Zufic,M"]
[Black "Malakhov,V"]
[Result "0-1"]
[WhiteElo "2240"]
[BlackElo "2613"]

1.e4 c5 2.Nc3 Nc6 3.Bb5 Nd4 4.Bc4 g6 5.Nf3 Bg7 6.Nxd4 cxd4 7.Qf3 Nh6 8.d3 Qa5
9.Bxh6 Bxh6 10.Qxf7+ Kd8 11.Qd5 Qxd5 12.Nxd5 e6 13.Nf6 Bg7 14.e5 Bxf6 15.exf6 Rf8
16.h4 Rxf6 17.h5 g5 18.h6 b6 19.Rh5 Rg6 20.a4 Bb7 21.Kf1 Rc8 22.a5 b5 23.Bb3 Rc5
24.f3 Ke7 25.Kf2 Kd6 26.Re1 b4 27.Ra1 Bc6 28.Bc4 Ke7 29.Kg3 d5 30.Bb3 e5
31.Rhh1 Rd6 32.Rhe1 Kf6 33.Re2 Kf5 34.Ree1 Be8 35.a6 Bf7 36.Rh1 Rcc6 37.Ra4 Rb6
38.Rh2 Re6 39.Rh1 Rxh6 40.Rxh6 Rxh6 41.Rxb4 Rxa6 42.Rb5 Rb6 43.Rc5 a6 44.Rc7 Kf6
45.Kf2 h5 46.Ke2 h4 47.Kd2 Be6 48.Ke2 e4 49.dxe4 dxe4 50.Bxe6 Rxe6 51.fxe4 Rxe4+
52.Kf2 g4 53.Rc5 Rf4+ 54.Kg1 g3 55.Rc6+ Ke5 56.Rxa6 Rf2 57.Rc6 Rd2 58.Kf1 Rd1+
59.Ke2 h3  0-1

[Event "Asian Candidates"]
[Site "Tehran IRI"]
[Date "2001.03.27"]
[Round "5"]
[White "Abbasifar,H"]
[Black "Mallahi,A"]
[Result "1/2-1/2"]
[WhiteElo "2333"]
[BlackElo "2382"]

1.e4 c5 2.Nf3 Nc6 3.Nc3 e5 4.Bc4 Be7 5.d3 Nf6 6.O-O O-O 7.h3 d6 8.a4 Be6
9.Nd5 Bxd5 10.exd5 Nb4 11.g4 h6 12.Nh4 Nfxd5 13.Nf5 Nf4 14.Bxf4 exf4 15.c3 Nc6
16.Qf3 Bg5 17.Qd5 Ne7 18.Qxd6 Nxf5 19.Qxd8 Raxd8 20.gxf5 Rfe8 21.Rfe1 Kf8
22.Kg2 Re7 23.Kf3 h5 24.h4 Bxh4 25.Rh1 Bf6 26.Rxh5 Re5 27.Rh8+ Ke7 28.Rxd8 Kxd8
29.Bxf7 Rxf5 30.Bg6 Rg5 31.Be4 Kc7 32.Kxf4 Rh5 33.a5 Rh8 34.Ra3 Rf8 35.Kg4 Rb8
36.Kf5 Kd6 37.Rb3 b5 38.a6 Rb6 39.Bb7 b4 40.Ke4 Kc7 41.d4 bxc3 42.Rxb6 Kxb6
43.bxc3 cxd4 44.cxd4 Kc7 45.Kd5 Kd7 46.Bc6+ Kc7 47.Bb5 Bh4 48.f3 Bf6 49.Bf1 Kd7
50.Bb5+  1/2-1/2

[Event "Asian Candidates"]
[Site "Tehran IRI"]
[Date "2001.03.28"]
[Round "7"]
[White "Mahjoob,M"]
[Black "Mallahi,A"]
[Result "1/2-1/2"]
[WhiteElo "2336"]
[BlackElo "2382"]

1.e4 c5 2.Nc3 Nc6 3.Nge2 Nf6 4.d4 cxd4 5.Nxd4 e5 6.Ndb5 d6 7.Bg5 a6 8.Na3 b5
9.Nd5 Be7 10.Bxf6 Bxf6 11.c3 O-O 12.Nc2 Bg5 13.a4 bxa4 14.Rxa4 Rb8 15.Bxa6 Rxb2
16.Bxc8 Qxc8 17.O-O f5 18.exf5 Qxf5 19.Nde3 Qe6 20.Nc4 Rb3 21.Qxd6 Qxd6 22.Nxd6 Rxc3
23.Ne4 Rxc2 24.Nxg5 Nd4 25.Ne4 Rf4 26.f3 Rf8 27.Raa1 Rfc8 28.Ng3 Kf7 29.Rf2 Rxf2
30.Kxf2 Rc2+ 31.Kg1 Kg6 32.Re1 Nc6  1/2-1/2

[Event "TCh-CHN Men"]
[Site "Suzhou, Jiangsu CHN"]
[Date "2001.03.29"]
[Round "4"]
[White "Kang Chuanqi"]
[Black "Sun Hui"]
[Result "0-1"]
[WhiteElo "2318"]
[BlackElo "2274"]

1.e4 c5 2.Nf3 Nc6 3.Nc3 g6 4.Bb5 Bg7 5.Bxc6 bxc6 6.O-O Nh6 7.d3 f6 8.Be3 d6
9.h3 Nf7 10.Nd2 O-O 11.Ne2 Rb8 12.Rb1 e5 13.Nb3 f5 14.exf5 Bxf5 15.Ng3 Be6
16.c4 Nh6 17.Qc2 Rb7 18.Ne4 Nf5 19.Bg5 Qc7 20.Qd2 h6 21.Be3 g5 22.Na5 Rbb8
23.b4 Nh4 24.bxc5 d5 25.Bxg5 hxg5 26.Nxg5 Bf5 27.g3 Ng6 28.Rxb8 Rxb8 29.cxd5 cxd5
30.Rc1 Bf6 31.h4 Rb5 32.Nb3 a5 33.Qc3 Rb4 34.c6 Nxh4 35.gxh4 Rxh4 36.Nf3 Rh5
37.Qc5 Be6 38.Nfd2 Qh7 39.Kf1 Qxd3+ 40.Kg2 Qg6+ 41.Kf1 Qd3+ 42.Kg1 Rh7 43.Nf1 Qf3
44.Nh2 Rg7+  0-1

[Event "Asian Candidates"]
[Site "Tehran IRI"]
[Date "2001.03.29"]
[Round "8"]
[White "Mallahi,A"]
[Black "Ghorbani,M"]
[Result "0-1"]
[WhiteElo "2382"]
[BlackElo "2315"]

1.e4 c5 2.Ne2 Nc6 3.Nbc3 g6 4.d4 cxd4 5.Nxd4 Bg7 6.Nde2 Nf6 7.g3 O-O 8.Bg2 d6
9.O-O Bd7 10.Nd5 Nxd5 11.exd5 Ne5 12.Nd4 Rc8 13.b3 Re8 14.h3 Qa5 15.Bd2 Qa6
16.Be3 f5 17.Qd2 Rc7 18.Rfe1 b6 19.a4 Qc8 20.c4 Rb7 21.Ra2 Nf7 22.Ne6 Bxe6
23.dxe6 Ne5 24.Bd5 Rb8 25.Bd4 Nc6 26.Bxg7 Kxg7 27.h4 h5 28.Qg5 Ne5 29.Qe3 a5
30.Qc3 Kh7 31.b4 axb4 32.Qb3 Rf8 33.Rb1 f4 34.Qxb4 Qe8 35.Qb3 Qc8 36.Kg2 Qc5
37.Qb4 f3+ 38.Kf1 Qd4 39.Kg1 Qg4 40.Kh2 Qf5 41.Qe1 Rfc8 42.Rb5 Rc5 43.Qb1 Qxb1
44.Rxb1 Nxc4 45.Bxf3 Ne5 46.Be2 Nc6 47.Bb5 Ra8 48.Rab2 Kg7 49.Re1 Nd4 50.Kg2 Nxb5
51.axb5 Ra5 52.Rd2 Raxb5 53.Rxd6 exd6 54.e7 Re5 55.e8=Q Rxe8 56.Rxe8 Kf7
57.Rd8 Rd5  0-1

[Event "54th ch-YUG Women"]
[Site "Herceg Novi YUG"]
[Date "2001.03.30"]
[Round "7"]
[White "Saric,N"]
[Black "Vasic,M"]
[Result "1/2-1/2"]
[WhiteElo "2097"]
[BlackElo "2096"]

1.e4 c5 2.Ne2 Nc6 3.Nbc3 d6 4.h3 a6 5.g3 b5 6.Bg2 Bb7 7.O-O g6 8.f4 Bg7 9.Nd5 e6
10.Ne3 f5 11.exf5 gxf5 12.d4 cxd4 13.Nxd4 Qd7 14.Nxc6 Bxc6 15.Bxc6 Qxc6 16.c3 Nf6
17.Qb3 d5 18.Nc2 O-O 19.Be3 Ne4 20.Kh2 Rab8 21.Rad1 Rfc8 22.Bd4 a5 23.Bxg7 Kxg7
24.Nd4 Qd7 25.g4 b4 26.c4 fxg4 27.cxd5 g3+ 28.Kg2 exd5 29.f5 Kh8 30.Ne6 Qb5
31.Nd4 Qc4 32.h4 Qxb3 33.axb3 Kg8 34.Rc1 Kf7 35.Ne2 Nd2 36.Rxc8 Rxc8 37.Rd1 Nxb3
38.Kxg3 Rc2 39.Nf4 d4 40.Nd3 Kf6 41.Kf4 Rh2 42.Kg3 Re2 43.Kf3 Rc2 44.Kf4 a4
45.Re1 a3 46.Re6+ Kg7 47.bxa3 bxa3 48.f6+ Kf8 49.Ne5 Nc5 50.Rb6 Rf2+ 51.Kg4 h5+
52.Kh3 Kg8 53.f7+ Kh7 54.Rb5 Ne6 55.Nd7 a2 56.Rxh5+ Kg7 57.Ra5 d3 58.Ne5 d2
59.Rxa2 d1=Q 60.Rxf2 Qb3+ 61.Rf3 Qd5 62.Rg3+ Kh7 63.Nf3 Qf5+ 64.Kh2 Qxf7
65.Ng5+ Nxg5 66.hxg5 Kg6 67.Kh3 Kh5 68.g6 Qg7 69.Rg2 Qd7+ 70.Kh2 Qd6+ 71.Kh1 Qd1+
72.Kh2 Qd6+ 73.Kh1 Qf8 74.g7 Qg8 75.Kh2 Kh4 76.Rg3 Qa2+ 77.Rg2 Qg8 78.Rg3 Qa2+
79.Rg2 Qg8  1/2-1/2

[Event "TCh-CHN Women"]
[Site "Suzhou, Jiangsu CHN"]
[Date "2001.03.30"]
[Round "5"]
[White "Li Ruofan"]
[Black "Ning Chunhong"]
[Result "1-0"]
[WhiteElo "2318"]
[BlackElo "2287"]

1.e4 c5 2.Nf3 Nc6 3.Nc3 e5 4.Bc4 Be7 5.d3 Nf6 6.Nd2 d6 7.Nf1 O-O 8.Ne3 Be6
9.O-O Nd4 10.a3 Rb8 11.Ncd5 b5 12.Ba2 Qd7 13.g3 Bxd5 14.Nxd5 Nxd5 15.Bxd5 Kh8
16.f4 exf4 17.gxf4 f5 18.Bd2 Bf6 19.c3 Ne6 20.Qf3 Nc7 21.Ba2 c4 22.Rad1 cxd3
23.exf5 Na6 24.Qxd3 Nc5 25.Qd5 Rbe8 26.Bc1 Qc8 27.Qf3 Na4 28.Be6 Qc5+ 29.Kh1 Rd8
30.Be3 Qc7 31.Rf2 Nb6 32.Bd4 Nc4 33.Rg2 Bxd4 34.Rxd4 Rf6 35.a4 a6 36.axb5 axb5
37.Rd1 Rff8 38.Rdg1 d5 39.Rg3 Nd2 40.Qg4 Ne4 41.R3g2 Rfe8 42.h3 Re7 43.Qh4 d4
44.f6 Rxe6 45.Rxg7  1-0

[Event "54th ch-YUG Women"]
[Site "Herceg Novi YUG"]
[Date "2001.04.01"]
[Round "9"]
[White "Prudnikova,S"]
[Black "Stankovic,Ma"]
[Result "1-0"]
[WhiteElo "2422"]
[BlackElo "2225"]

1.e4 c5 2.Nc3 Nc6 3.Bb5 Nd4 4.Bc4 e6 5.Nf3 Ne7 6.Nxd4 cxd4 7.Ne2 Nc6 8.O-O Be7
9.d3 O-O 10.f4 d5 11.exd5 exd5 12.Bb3 Bg4 13.a3 Qd7 14.h3 Bxe2 15.Qxe2 Rac8
16.Bd2 Rfd8 17.Qf3 a5 18.Kh1 b5 19.a4 Nb4 20.c3 dxc3 21.bxc3 Na6 22.axb5 Nc5
23.Bc2 Qxb5 24.Rfb1 Qa6 25.d4 Nb7 26.Qd3 Qxd3 27.Bxd3 Rb8 28.Rb5 g6 29.Rab1 Rd7
30.f5 g5 31.Bc2 Kg7 32.Be1 Bd6 33.Rxd5 Re8 34.Ba4  1-0

[Event "ch-UKR Women"]
[Site "Kramatorsk UKR"]
[Date "2001.04.05"]
[Round "10"]
[White "Gaponenko,I"]
[Black "Rohonyan,K"]
[Result "1-0"]
[WhiteElo "2383"]
[BlackElo "2340"]

1.e4 c5 2.Nf3 Nc6 3.Nc3 e5 4.Bc4 Be7 5.d3 Nf6 6.Nd2 d6 7.Nf1 O-O 8.Ne3 Be6
9.a3 Rb8 10.O-O a6 11.Ncd5 Bxd5 12.Nxd5 Nxd5 13.Bxd5 Bg5 14.Be3 Nd4 15.f4 exf4
16.Bxf4 Bxf4 17.Rxf4 Ne6 18.Rf2 Qe7 19.Qg4 Rbe8 20.Raf1 f6 21.c3 Kh8 22.Rf3 Nd8
23.Rg3 Qc7 24.Qg6 Ne6 25.Rh3 Ng5 26.Rxh7+  1-0

[Event "TCh-EST"]
[Site "Parnu/Tallinn EST"]
[Date "2001.04.06"]
[Round "?"]
[White "Rytshagov,M"]
[Black "Cheutshenko,R"]
[Result "1/2-1/2"]
[WhiteElo "2525"]
[BlackElo "2417"]

1.e4 c5 2.Nf3 Nc6 3.Nc3 e5 4.Bc4 d6 5.d3 Be7 6.Nd2 Nf6 7.Nf1 Bg4 8.f3 Be6
9.Ne3 O-O 10.O-O Rb8 11.a3 Ne8  1/2-1/2

[Event "Zone 3.1a"]
[Site "Tehran IRI"]
[Date "2001.04.06"]
[Round "2"]
[White "Al Modiahki,M"]
[Black "Mallahi,A"]
[Result "0-1"]
[WhiteElo "2490"]
[BlackElo "2382"]

1.e4 c5 2.Nf3 Nc6 3.Nc3 e5 4.Bc4 Be7 5.d3 Nf6 6.Ng5 O-O 7.f4 exf4 8.Bxf4 d5
9.exd5 Nd4 10.Nge4 b5 11.d6 Nxe4 12.dxe7 Qxe7 13.Nxe4 bxc4 14.O-O cxd3 15.cxd3 Rd8
16.Bg5 f6 17.Rxf6 gxf6 18.Nxf6+ Kh8 19.Ne4 Qf8 20.Qh5 Bf5 21.Rf1 Rd6 22.Ng3 Rd5
23.Qh4 Qf7 24.Bf6+ Kg8 25.Bxd4 Rxd4 26.Qg5+ Qg6 27.Rxf5 Qxg5 28.Rxg5+ Kf7
29.Rxc5 Rxd3 30.Rc7+ Kg6 31.Rc6+ Kg5 32.Rc5+ Kf4 33.Rc4+ Ke3 34.Nf1+ Ke2
35.Re4+ Kd1 36.Ne3+ Kc1 37.Nc4 Rad8 38.b3 Rc3 39.h3 Rd7 40.Re2 Kd1 41.Re5 Rg7
42.Kh2 Rcg3 43.Ne3+ Kc1 44.h4 Kb2 45.Kh1 Rc7 46.Kh2 Rcg7 47.Kh1 R3g6 48.Ra5 Re7
49.Nc4+ Kb1 50.Ne5 Rg8 51.Kh2 Rc7 52.g4 Rc2+ 53.Kg3 Rxa2 54.Rxa2 Kxa2 55.b4 Kb3
56.g5 Kxb4 57.Kg4 a5 58.Nc6+ Kb5 59.Nxa5 Kxa5 60.Kf5 Kb6 61.h5 Kc7 62.Kf6 Kd7
63.g6 hxg6 64.hxg6 Rf8+ 65.Kg7 Ke7 66.Kh7 Rf1 67.g7 Rh1+ 68.Kg8 Rg1  0-1

[Event "ch-PHI Women"]
[Site "Quezon City PHI"]
[Date "2001.04.07"]
[Round "6"]
[White "De Jesus,C"]
[Black "Lomibao,J"]
[Result "1-0"]
[WhiteElo "2093"]
[BlackElo "2041"]

1.e4 c5 2.Ne2 Nc6 3.Nbc3 e6 4.g3 d5 5.exd5 exd5 6.Bg2 d4 7.Nd5 Nf6 8.Nef4 Be7
9.d3 O-O 10.O-O Nxd5 11.Nxd5 Bd6 12.c4 Be6 13.h3 Qd7 14.Kh2 Ne7 15.Nxe7+ Qxe7
16.Qh5 Rab8 17.a4 Qd7 18.Bd2 Rfe8 19.Rfe1 b6 20.b3 a6 21.Bd5 g6 22.Qf3 Bxd5
23.Qxd5 a5 24.Bf4 Rxe1 25.Rxe1 Rd8 26.Bxd6 Qxd6 27.Re8+ Rxe8 28.Qxd6 Re6
29.Qc7 Kg7 30.Kg2 h6 31.g4 g5 32.Kg3 Kg6 33.h4 f5 34.h5+ Kf6 35.Qd8+ Ke5
36.Qd5+ Kf6 37.gxf5  1-0

[Event "Czech Extra League 2000-1"]
[Site "CZE"]
[Date "2001.04.08"]
[Round "11"]
[White "Simacek,P"]
[Black "Cvek,R"]
[Result "1-0"]
[WhiteElo "2390"]
[BlackElo "2404"]

1.e4 c5 2.Nf3 Nc6 3.Nc3 d6 4.d4 cxd4 5.Nxd4 Nf6 6.Bc4 Qb6 7.Nb3 e6 8.Be3 Qc7
9.f4 a6 10.Bd3 Be7 11.Qf3 e5 12.f5 b5 13.g4 b4 14.Nd5 Nxd5 15.exd5 Bh4+ 16.Kd2 Ne7
17.g5 Nxd5 18.Qxd5 Bb7 19.Qc4 Qxc4 20.Bxc4 Bxh1 21.Rxh1 d5 22.Bd3 d4 23.Bg1 Bxg5+
24.Ke2 Rc8 25.Bf2 O-O 26.Be1 Be7 27.Rg1 Rc6 28.Bd2 Re8 29.Kf3 g6 30.Na5 Rc5
31.Bxb4 e4+ 32.Bxe4 Re5 33.Bxe7 R8xe7 34.Nc6 Rxe4 35.Nxe7+ Rxe7 36.Rg4 Rc7
37.Rg2 Rb7 38.b3 Re7 39.Rd2 Re3+ 40.Kf4 Kg7 41.fxg6 hxg6 42.a4 Rc3 43.Ke5 d3
44.cxd3 Rxb3 45.d4 f6+ 46.Ke6 Re3+ 47.Kd7 Ra3 48.d5 Rxa4 49.d6 Kf7 50.Rc2 Rd4
51.Kc7 Ke8 52.Re2+ Kf7 53.Rc2 Ke8 54.Re2+ Kf7 55.d7 Rc4+ 56.Kb7 Rd4 57.Kc6 g5
58.Re8 Kg6 59.d8=Q Rxd8 60.Rxd8 Kf5 61.Kd5 g4 62.Rf8 a5 63.Kd4 a4 64.Ke3  1-0

[Event "54th ch-YUG Women"]
[Site "Herceg Novi YUG"]
[Date "2001.04.08"]
[Round "15"]
[White "Prudnikova,S"]
[Black "Maksimovic,S"]
[Result "1-0"]
[WhiteElo "2422"]
[BlackElo "2315"]

1.e4 c5 2.Nc3 Nc6 3.Bb5 g6 4.Bxc6 dxc6 5.d3 Bg7 6.Be3 b6 7.Qd2 e5 8.h3 Qe7
9.O-O-O Nf6 10.Bh6 Bxh6 11.Qxh6 Be6 12.f4 exf4 13.Qxf4 O-O 14.Nf3 Nh5 15.Qh6 Qf6
16.Kb1 Qg7 17.Qe3 Rfe8 18.g4 Nf6 19.Qf4 Rad8 20.Rhf1 Nd7 21.Qc7 Rc8 22.Qxa7 b5
23.d4 Ra8 24.Qc7 Rec8 25.Qd6 b4 26.d5 bxc3 27.dxe6 Nf8 28.e7 Ne6 29.Ng5 Nd4
30.Rxf7 Qh6 31.Rxd4 Qxg5 32.Qe6 Kh8 33.Rd7 cxb2 34.Rxh7+ Kxh7 35.e8=Q+ Kh6
36.Rh7+ Kxh7 37.Q6f7+ Kh6 38.Qff8+  1-0

[Event "Zone 3.1a"]
[Site "Tehran IRI"]
[Date "2001.04.08"]
[Round "6"]
[White "Al Sayed,Mohammed"]
[Black "Mallahi,A"]
[Result "1-0"]
[WhiteElo "2082"]
[BlackElo "2382"]

1.e4 c5 2.Nf3 Nc6 3.Nc3 e5 4.Bc4 Be7 5.d3 d6 6.Nd2 Nf6 7.Nf1 Bg4 8.f3 Be6
9.Ne3 O-O 10.O-O Rb8 11.a3 Nd7 12.g3 Kh8 13.f4 exf4 14.gxf4 Nd4 15.Kg2 b5
16.Ba2 b4 17.axb4 cxb4 18.Ncd5 Nc5 19.c3 Nc6 20.f5 Bxd5 21.Bxd5 bxc3 22.bxc3 Na5
23.Kh1 Bf6 24.Ra3 Qc7 25.d4 Ncb7 26.Rg1 Rfe8 27.Qg4 Nd8 28.Ba2 Ndb7 29.Nd5  1-0

[Event "Israel Open Ch"]
[Site "Tel Aviv ISR"]
[Date "2001.04.09"]
[Round "1"]
[White "Deutsch,E"]
[Black "Acs,P"]
[Result "0-1"]
[WhiteElo "2198"]
[BlackElo "2509"]

1.e4 c5 2.Nc3 Nc6 3.Bb5 g6 4.Bxc6 bxc6 5.d3 Bg7 6.Be3 Rb8 7.Qc1 Qb6 8.Nge2 Qxb2
9.Qxb2 Rxb2 10.O-O-O Rb7 11.Bxc5 d6 12.Bd4 Nf6 13.Kd2 e5 14.Be3 Ng4 15.Rb1 Nxe3
16.Rxb7 Nc4+ 17.dxc4 Bxb7 18.Rb1 Bc8 19.Rb8 O-O 20.Ra8 Bh6+ 21.Kd3 f5 22.Rxa7 fxe4+
23.Nxe4 d5 24.cxd5 cxd5 25.Nd6 Bh3 26.Nd4 Bxg2 27.Ne6 Rxf2 28.Ra8+ Bf8 29.Ne8 Kf7
30.Nxf8 Kxf8 31.Nf6+ Ke7 32.Ng4 Be4+ 33.Ke3 Rf3+ 34.Ke2 Rf5 35.Ra7+ Kd6 36.Ra6+ Kc5
37.Nf6 Bxc2  0-1

[Event "Israel Open Ch"]
[Site "Tel Aviv ISR"]
[Date "2001.04.09"]
[Round "1"]
[White "Livshits,G"]
[Black "Greenfeld,A"]
[Result "1/2-1/2"]
[WhiteElo "2246"]
[BlackElo "2570"]

1.e4 c5 2.Nc3 Nc6 3.Nge2 Nf6 4.d4 cxd4 5.Nxd4 d6 6.g3 g6 7.Bg2 Nxd4 8.Qxd4 Bg7
9.O-O O-O 10.a4 Be6 11.Qb4 a5 12.Qxb7 Nd7 13.Nb5 Rc8 14.c3 Bc4 15.Rd1 Bb3
16.Bg5 Bxd1 17.Rxd1 Bf6 18.Bxf6 Nxf6 19.e5 Ne8 20.Qa6 Rb8 21.b4 Nc7 22.Qxa5 Nxb5
23.axb5 Qxa5 24.bxa5 Rxb5 25.exd6 exd6 26.a6 Ra5 27.Bb7 Rd8 28.c4 Kf8 29.c5 Rxc5
30.a7 Ra5 31.a8=Q  1/2-1/2

[Event "Spring Festival"]
[Site "Bucharest ROM"]
[Date "2001.04.11"]
[Round "6"]
[White "Slovineanu,V"]
[Black "Dumitrache,D"]
[Result "1/2-1/2"]
[WhiteElo "2412"]
[BlackElo "2425"]

1.e4 c5 2.Nc3 Nc6 3.Bb5 Nd4 4.Bc4 g6 5.Nf3 Bg7 6.Nxd4 cxd4 7.Qf3 e6 8.Nb5 d6
9.Qa3 Ke7 10.c3 e5 11.cxd4 exd4 12.Qd3 Qb6 13.a4 a6 14.Na3 Nf6 15.O-O Re8
16.Qf3 Bd7 17.d3 Bxa4 18.g4 h6 19.g5 hxg5 20.Bxg5 Bc6 21.Bd5 Qd8 22.Nc4 Kf8
23.Rae1 Bxd5 24.exd5 Rxe1 25.Rxe1 b5 26.Nd2 Qa5 27.Bxf6 Qxd2 28.Re7 Bxf6
29.Qxf6 Qd1+ 30.Kg2 Qg4+ 31.Kh1  1/2-1/2

[Event "Solett Open"]
[Site "Skelleftea SWE"]
[Date "2001.04.11"]
[Round "3"]
[White "Hector,J"]
[Black "Nyback,T"]
[Result "1-0"]
[WhiteElo "2546"]
[BlackElo "2330"]

1.e4 c5 2.Nf3 Nc6 3.Nc3 e5 4.Bc4 Be7 5.d3 d6 6.Nd2 Bg5 7.h4 Bh6 8.Qh5 g6
9.Qd1 Nf6 10.h5 Nd4 11.hxg6 hxg6 12.Nf3 Nxf3+ 13.gxf3 Nh5 14.Be3 Kf8 15.Qd2 Kg7
16.O-O-O Qf6 17.Bxh6+ Rxh6 18.Nd5 Qxf3 19.Nc7 Rb8 20.Ne8+ Kh7 21.Nxd6 Be6
22.Bxe6 fxe6 23.Qa5 Rf8 24.Qxa7 Qxf2 25.Qxb7+ Kg8 26.Qe7 Qf4+ 27.Kb1 g5 28.Rxh5 Rxh5
29.Qxe6+ Kh8 30.Nf5 g4 31.a4 g3 32.Qe7 Rfxf5 33.exf5 Qxf5 34.Rg1 Qg4 35.Rf1 Rg5
36.Rh1+ Kg8 37.Rh6 g2 38.Qe8+ Kg7 39.Qh8+ Kf7 40.Rf6+ Ke7 41.Qf8+  1-0

[Event "Osteropen"]
[Site "Essen-Borbeck GER"]
[Date "2001.04.12"]
[Round "2"]
[White "Villwock,M"]
[Black "Podzielny,KH"]
[Result "0-1"]
[WhiteElo "2108"]
[BlackElo "2471"]

1.e4 c5 2.Nc3 Nc6 3.Nf3 e6 4.Bb5 Nge7 5.O-O a6 6.Bxc6 Nxc6 7.d4 cxd4 8.Nxd4 Qc7
9.Re1 d6 10.Nxc6 bxc6 11.Qg4 h5 12.Qf3 e5 13.b3 Be7 14.Bb2 Be6 15.Nd1 g6
16.c4 a5 17.Ne3 Rd8 18.Qe2 O-O 19.Bc3 Bg5 20.Bd2 Bf6 21.Qf3 Kg7 22.Rac1 Qa7
23.Qg3 Kh7 24.Kh1 a4 25.b4 Qe7 26.Qf3 Rh8 27.Rc3 Kg7 28.Ra3 Ra8 29.Qd1 Qa7
30.Qb1 Rhd8 31.Qd3 Qd7 32.Qc2 Qa7 33.Bc3 Qa6 34.Bb2 d5 35.f4 d4 36.b5 Qa5
37.Rf1 dxe3 38.fxe5 Be7 39.Rxe3 Qd2  0-1